La Comunidad (Record no. 184285)

MARC details
000 -LEADER
campo de control de longitud fija 00979nam a2200253 i 4500
001 - NÚMERO DE CONTROL
campo de control 184285
003 - IDENTIFICADOR DE NÚMERO DE CONTROL
campo de control ES-MaACL
005 - FECHA Y HORA DE LA ÚLTIMA TRANSACCIÓN
campo de control 20231118182343.0
008 - DATOS DE LONGITUD FIJA--INFORMACIÓN GENERAL
campo de control de longitud fija 150610s2014 sp |||| | spa d
020 ## - NÚMERO INTERNACIONAL ESTÁNDAR DEL LIBRO
Número Internacional Estándar del Libro 978-84-617-1698-2
080 ## - NÚMERO DE LA CLASIFICACIÓN DECIMAL UNIVERSAL
Número de la Clasificación Decimal Universal 32:304
245 03 - MENCIÓN DEL TÍTULO
Título La Comunidad
Resto del título : manifiesto político : ideario, análisis y propuestas /
Mención de responsabilidad, etc. [Pablo Ibáñez].
246 37 - FORMA VARIANTE DEL TITULO
Título propio/Titulo breve La Comunidad. Partido para la Defensa y Protección del Bien Común
Resto del título : manifiesto político
250 ## - MENCION DE EDICION
Mención de edición 1ª ed. impresa.
260 ## - PUBLICACIÓN, DISTRIBUCIÓN, ETC.
Lugar de publicación, distribución, etc. [Madrid :
Nombre del editor, distribuidor, etc. La Comunidad],
Fecha de publicación, distribución, etc. 2014 (
Fabricante Planet Print Európolis)
300 ## - DESCRIPCIÓN FÍSICA
Extensión 181 p. ;
Dimensiones 21 cm.
500 ## - NOTA GENERAL
Nota general Índice.
650 #4 - PUNTO DE ACCESO ADICIONAL DE MATERIA--TÉRMINO DE MATERIA
Término de materia o nombre geográfico como elemento de entrada Bien común.
9 (RLIN) 156263
700 1# - ENTRADA AGREGADA--NOMBRE PERSONAL
Nombre de persona Ibáñez, Pablo.
9 (RLIN) 156989
852 ## - LOCALIZACIÓN
Ubicación ES-MaACL
Número de control de estantería A-13510
Nota libre Dedicatoria autógrafa del autor
itemnumber 191281
Sublocalización o colección R.150251
Ubicación en estantería Depósito 1
Signatura antigua Olim: N-6510
Anotaciones manuscritas Dedicatoria autógrafa del autor
Donativo/Legado Donación: Pablo Ibáñez
903 ## - NOMBRE PERSONAL DE DONANTE
9 156989
a Ibáñez, Pablo
e Donante
942 ## - ELEMENTOS DE ENTRADA SECUNDARIOS (KOHA)
Fuente del sistema de clasificación o colocación Clasificación decimal universal
Tipo de ítem Koha Libro impreso
Holdings
Estatus retirado Estado de pérdida Fuente del sistema de clasificación o colocación Estado de daño No para préstamo Colección Biblioteca de origen Biblioteca actual Ubicación en estantería Fecha de adquisición Fuente de adquisición Total de préstamos Signatura topográfica completa Código de barras Visto por última vez Precio de reemplazo Tipo de ítem Koha Nota pública
    Clasificación decimal universal     Libros con dedicatorias Biblioteca del Ateneo de Madrid Biblioteca del Ateneo de Madrid Depósito 1 10/06/2015 Donación   A-13510 1193865 23/02/2023 23/02/2023 Libro impreso Dedicatoria autógrafa del autor